LEADER 01194nam0 22003011i 450 001 UON00495113 005 20231205105349.785 010 $a88-15-03203-7 100 $a20190528d1991 |0itac50 ba 101 $aita 102 $aIT 105 $a|||| ||||| 200 1 $aBoccaccio e le storie di re Artù$fDaniela Delcorno Branca 210 $aBologna$cIl Mulino$d©1991 215 $a165 p.$d22 cm. 316 $aDono Prof. Alberto Varvaro.$5IT-UONSI F. Varvaro1552 410 1$1001UON00087600$12001 $aˆIl ‰Mulino. Ricerca 606 $aBOCCACCIO GIOVANNI$3UONC043861$2FI 620 $aIT$dBologna$3UONL000085 676 $a850.1$cLetteratura italiana. Primo periodo, fino al 1375$v21 700 1$aDELCORNO BRANCA$bDaniela$3UONV233003$0320352 712 $aIl Mulino$3UONV245824$4650 801 $aIT$bSOL$c20240220$gRICA 899 $aSIBA - SISTEMA BIBLIOTECARIO DI ATENEO$2UONSI 912 $aUON00495113 950 $aSIBA - SISTEMA BIBLIOTECARIO DI ATENEO$dSI F. Varvaro1552 $eSI 29725 7 Dono Prof. Alberto Varvaro. 996 $aBoccaccio e le storie di re Artù$9202001 997 $aUNIOR LEADER 00983nam0-2200337 --450 001 9910839982103321 005 20250319094753.0 010 $a88-06-15783-3 020 $aIT$b2004-5186 100 $a20240403d2003----kmuy0itay5050 ba 101 0 $aita 102 $aIT 105 $a 001yy 200 1 $a<>fine del tempo$ela rivoluzione fisica prossima ventura$fJulian Barbour$gtraduzione di Lorenzo Lilli e Simonetta Frediani 210 $aTorino$cG. Einaudi$d[2003] 215 $aXVII, 354 p.$cill.$d22 cm. 225 1 $aSaggi$v843 610 0 $aSpazio-tempo 676 $a115$v19$zita 676 $a530.11$v20$zita 676 $a530.11$v21$zita 700 1$aBarbour,$bJulian$042738 702 1$aFrediani,$bSimonetta 702 1$aLilli,$bLorenzo 801 0$aIT$bUNINA$gREICAT$2UNIMARC 901 $aBK 912 $a9910839982103321 952 $aDAM A10 BARJ 02$b2024/3339$fFLFBC 959 $aFLFBC 996 $aFine del tempo$91097826 997 $aUNINA